Statistics for WWI A-Z

Click here to take the quiz!

General Stats

  • This quiz has been taken 10,684 times
    (10,023 since last reset)
  • The average score is 15 of 26

Answer Stats

Letter Clue Answer % Correct
FHis assassination began the warFranz Ferdinand
92%
AThis empire ceased to exist after the warAustria-Hungary
86%
KTitle of the German emperorKaiser
86%
BCommunist sect that took over Russia in 1917Bolsheviks
83%
NLast czar of RussiaNicholas II
83%
UTerm for a German submarineU-boat
82%
OGermany's Middle Eastern allyOttoman Empire
80%
TFortification dug in the ground on the front lineTrench
78%
WU.S. President during the warWoodrow Wilson
77%
CGermany and its partners{Central} Powers
72%
IA global outbreak of this virus started in 1917 in a hospital in FranceInfluenza
69%
ZType of German blimp used to bomb LondonZeppelin
65%
GFailed ANZAC invasion site in TurkeyGallipoli
65%
DNearly 1000 French and British soldiers were executed for this crimeDesertion
63%
J1916 naval battle off the coast of DenmarkBattle of {Jutland}
61%
LEnglish colonel who helped to foment the Arab RevoltT. E. Lawrence
58%
EAlliance between the United Kingdom, Russia, and FranceTriple {Entente}
56%
YBelgian city near where five bloody battles were foughtYpres
49%
SRiver that was the site of a major British offensive in 1916Somme
48%
VFrench city nicknamed the "meatgrinder"Verdun
42%
HGerman field marshal who later became President of GermanyPaul von Hindenburg
40%
MThe "miraculous" French victory at this river halted the German advance in 1914Marne
32%
RThe Red Baron's real last namevon {Richthofen}
30%
PTop U.S. commander, known as "Black Jack"Jack Pershing
26%
QJapan seized this Chinese city from GermanyQingdao
21%
XFrance's pre-war plan to fight off German invasion - it failed disastrouslyPlan {XVII}
5%

Score Distribution

Percentile by Number Answered

Percent of People with Each Score

Your Score History

You have not taken this quiz since the last reset